书目信息

书名: 地基与基础工程现场施工处理方法与技巧 
作者: 北京土木建筑学会 主编
出版信息: 北京   机械工业出版社  2009
开本页数: 21cm  11,430页
丛书名: 建筑工程现场施工系列丛书
单 册:
中图分类: TU75
科图分类:
主题词: 地基--工程施工 , 基础(工程)--工程施工
电子资源:
ISBN: 978-7-111-26740-9
000 00944oam2 2200265 450
001 4550
005 20090625135256.0
010    @a978-7-111-26740-9@dCNY34.00
100    @a20090625d2009 em y0chiy0110 ea
101 @achi
102    @aCN@b110000
105    @ay z 000yy
106    @ar
200 @a地基与基础工程现场施工处理方法与技巧@Adi ji yu ji chu gong cheng xian chang shi gong chu li fang fa yu ji qiao@f北京土木建筑学会主编
210    @a北京@c机械工业出版社@d2009
215    @a11,430页@d21cm
225 @a建筑工程现场施工系列丛书
330    @a本书主要内容包括:基坑工程、沉井基础、地基处理、灌注桩工程、预制桩工程、砌体基础与混凝土基础、设备基础、地基与基础加固工程等。
461  0 @12001 @a建筑工程现场施工系列丛书
606 @a地基@x工程施工
606 @a基础(工程)@x工程施工
690    @aTU75@v4
711 02 @a北京土木建筑学会@Abei jing tu mu jian zhu xue hui@4主编
801    @aCN@bBJHZ@c20091201
905    @dTU75@e110
    
    地基与基础工程现场施工处理方法与技巧/北京土木建筑学会主编.-北京:机械工业出版社,2009
    11,430页;21cm.-(建筑工程现场施工系列丛书)
    
    
    ISBN 978-7-111-26740-9:CNY34.00
    本书主要内容包括:基坑工程、沉井基础、地基处理、灌注桩工程、预制桩工程、砌体基础与混凝土基础、设备基础、地基与基础加固工程等。
相关链接 在五车中查询图书 在当当中查询图书 在豆瓣中查询图书


正题名:地基与基础工程现场施工处理方法与技巧     索取号:TU75/110         预约/预借

序号 登录号 条形码 馆藏地/架位号 状态 备注
1 262894   300262894   柳城密-1楼/2架2列1层/ [索取号:TU75/110] 在馆    
2 262895   300262895   柳城密-1楼/2架2列1层/ [索取号:TU75/110] 在馆    
3 262896   300262896   柳城密-1楼/2架2列1层/ [索取号:TU75/110] 在馆    
4 262897   300262897   柳城密-1楼/2架2列1层/ [索取号:TU75/110] 在馆    
5 262898   300262898   柳城密-1楼/2架2列1层/ [索取号:TU75/110] 在馆